[Event "5th European Small Nations"]
[Site "Andorra la Vella"]
[Date "2017.11.14"]
[Round "4.6"]
[White "Norwood, David R"]
[Black "Rossini, Paul"]
[Result "1-0"]
[BlackElo "1683"]
[WhiteElo "2505"]
[LiveChessVersion "1.4.8"]

1. Nf3 {[%clk 1:30:56]} Nc6 {[%clk 1:30:45]} 2. d4 {[%clk 1:31:01]} d5
{[%clk 1:30:48]} 3. c4 {[%clk 1:27:58]} e6 {[%clk 1:30:54]} 4. Nc3
{[%clk 1:27:56]} h6 {[%clk 1:30:52]} 5. g3 {[%clk 1:22:55]} Nf6 {[%clk 1:29:42]}
6. Bg2 {[%clk 1:23:14]} Bb4 {[%clk 1:27:16]} 7. O-O {[%clk 1:18:22]} O-O
{[%clk 1:26:11]} 8. Qd3 {[%clk 1:13:30]} Bxc3 {[%clk 1:20:12]} 9. bxc3
{[%clk 1:09:56]} Na5 {[%clk 1:17:06]} 10. Ne5 {[%clk 1:07:56]} c6
{[%clk 1:14:55]} 11. Rb1 {[%clk 1:03:18]} Nd7 {[%clk 1:12:49]} 12. cxd5
{[%clk 1:02:20]} Nxe5 {[%clk 1:12:09]} 13. dxe5 {[%clk 1:02:45]} cxd5
{[%clk 1:12:25]} 14. f4 {[%clk 1:02:58]} Nc4 {[%clk 1:11:13]} 15. e4
{[%clk 1:02:28]} Qc7 {[%clk 1:09:29]} 16. exd5 {[%clk 1:01:59]} Rd8
{[%clk 1:05:59]} 17. d6 {[%clk 1:01:45]} Qc5+ {[%clk 1:01:45]} 18. Qd4
{[%clk 1:01:03]} Qxd4+ {[%clk 1:01:58]} 19. cxd4 {[%clk 1:01:28]} Rb8
{[%clk 0:59:48]} 20. Rf3 {[%clk 0:50:01]} Bd7 {[%clk 0:56:58]} 21. Rc3
{[%clk 0:48:52]} b5 {[%clk 0:56:36]} 22. Bf1 {[%clk 0:46:54]} Na5
{[%clk 0:51:45]} 23. Ra3 {[%clk 0:42:27]} Nc6 {[%clk 0:48:07]} 24. Rxb5
{[%clk 0:41:04]} Rxb5 {[%clk 0:44:42]} 25. Bxb5 {[%clk 0:41:27]} Nxd4
{[%clk 0:45:05]} 26. Bxd7 {[%clk 0:39:46]} Rxd7 {[%clk 0:45:27]} 27. Be3
{[%clk 0:40:04]} Nb5 {[%clk 0:41:42]} 28. Rb3 {[%clk 0:38:23]} a6
{[%clk 0:41:24]} 29. a4 {[%clk 0:38:42]} Na7 {[%clk 0:41:09]} 30. Rb6
{[%clk 0:38:51]} Nc8 {[%clk 0:39:56]} 31. Rxa6 {[%clk 0:39:07]} 1-0

[Event "5th European Small Nations"]
[Site "Andorra la Vella"]
[Date "2017.11.14"]
[Round "4.7"]
[White "Righi, Ezio"]
[Black "Aloma Vidal, Robert"]
[Result "0-1"]
[BlackElo "2440"]
[WhiteElo "2039"]
[LiveChessVersion "1.4.8"]

1. e4 {[%clk 1:30:56]} e5 {[%clk 1:29:00]} 2. Nf3 {[%clk 1:31:01]} Nc6
{[%clk 1:29:24]} 3. Bb5 {[%clk 1:31:13]} a6 {[%clk 1:29:48]} 4. Bxc6
{[%clk 1:31:14]} dxc6 {[%clk 1:30:11]} 5. O-O {[%clk 1:31:33]} Qf6
{[%clk 1:26:34]} 6. d4 {[%clk 1:28:44]} exd4 {[%clk 1:24:55]} 7. Qxd4
{[%clk 1:27:23]} Bg4 {[%clk 1:16:43]} 8. Bg5 {[%clk 1:06:20]} Qxd4
{[%clk 1:13:02]} 9. Nxd4 {[%clk 1:05:53]} c5 {[%clk 1:13:18]} 10. Nb3
{[%clk 1:05:35]} c4 {[%clk 1:12:05]} 11. N3d2 {[%clk 0:59:43]} Bc5
{[%clk 1:10:55]} 12. Re1 {[%clk 0:59:33]} Be6 {[%clk 1:07:53]} 13. Nf1
{[%clk 0:53:26]} Nf6 {[%clk 1:07:15]} 14. Bxf6 {[%clk 0:52:01]} gxf6
{[%clk 1:07:37]} 15. Nc3 {[%clk 0:51:45]} O-O-O {[%clk 1:07:40]} 16. Rad1
{[%clk 0:51:32]} b5 {[%clk 1:00:07]} 17. Rxd8+ {[%clk 0:48:40]} Rxd8
{[%clk 0:59:29]} 18. Rd1 {[%clk 0:48:59]} Rg8 {[%clk 0:54:41]} 19. Nd5
{[%clk 0:48:22]} f5 {[%clk 0:50:34]} 20. exf5 {[%clk 0:37:06]} Bxf5
{[%clk 0:44:56]} 21. Nfe3 {[%clk 0:37:16]} Bg6 {[%clk 0:42:20]} 22. Nf6
{[%clk 0:33:51]} Rh8 {[%clk 0:40:36]} 23. c3 {[%clk 0:33:50]} Bd3
{[%clk 0:38:56]} 24. Re1 {[%clk 0:26:23]} h5 {[%clk 0:37:11]} 25. Ned5
{[%clk 0:25:30]} h4 {[%clk 0:29:20]} 26. h3 {[%clk 0:25:23]} a5 {[%clk 0:26:43]}
27. Nf4 {[%clk 0:23:50]} b4 {[%clk 0:26:10]} 28. N4d5 {[%clk 0:22:38]} Rd8
{[%clk 0:22:57]} 29. Nf4 {[%clk 0:14:47]} Kb7 {[%clk 0:22:48]} 30. Ne4
{[%clk 0:13:08]} Bxe4 {[%clk 0:22:08]} 31. Rxe4 {[%clk 0:13:24]} Rd1+
{[%clk 0:22:34]} 32. Kh2 {[%clk 0:13:25]} Bxf2 {[%clk 0:22:56]} 33. Nh5
{[%clk 0:12:04]} Bg1+ {[%clk 0:16:52]} 34. Kh1 {[%clk 0:12:29]} Bc5+
{[%clk 0:16:32]} 35. Kh2 {[%clk 0:12:48]} Bd6+ {[%clk 0:16:46]} 36. g3
{[%clk 0:12:37]} hxg3+ {[%clk 0:16:54]} 37. Kg2 {[%clk 0:12:59]} Rd2+
{[%clk 0:17:17]} 38. Kf3 {[%clk 0:10:51]} Rf2+ {[%clk 0:17:32]} 39. Ke3
{[%clk 0:09:58]} Bc5+ {[%clk 0:17:40]} 40. Rd4 {[%clk 0:40:20]} Rxb2
{[%clk 0:47:38]} 41. Nxg3 {[%clk 0:40:22]} bxc3 {[%clk 0:47:59]} 0-1

[Event "5th European Small Nations"]
[Site "Andorra la Vella"]
[Date "2017.11.14"]
[Round "4.8"]
[White "Ribera Baztan, Jose"]
[Black "Berardi, Giancarlo"]
[Result "1-0"]
[BlackElo "1837"]
[WhiteElo "2120"]
[LiveChessVersion "1.4.8"]

1. d4 {[%clk 1:30:52]} d5 {[%clk 1:30:39]} 2. c4 {[%clk 1:31:11]} c6
{[%clk 1:29:53]} 3. Nf3 {[%clk 1:31:34]} Nf6 {[%clk 1:29:30]} 4. Nc3
{[%clk 1:31:54]} g6 {[%clk 1:29:10]} 5. cxd5 {[%clk 1:32:01]} Nxd5
{[%clk 1:27:45]} 6. e4 {[%clk 1:31:37]} Nxc3 {[%clk 1:27:21]} 7. bxc3
{[%clk 1:31:58]} Bg7 {[%clk 1:26:53]} 8. h3 {[%clk 1:30:45]} O-O {[%clk 1:26:21]}
9. Be2 {[%clk 1:31:01]} c5 {[%clk 1:26:08]} 10. O-O {[%clk 1:31:08]} cxd4
{[%clk 1:26:25]} 11. cxd4 {[%clk 1:31:32]} b6 {[%clk 1:24:35]} 12. Rb1
{[%clk 1:26:15]} Bb7 {[%clk 1:24:47]} 13. d5 {[%clk 1:25:33]} Nd7
{[%clk 1:21:45]} 14. Ba3 {[%clk 1:22:07]} Nf6 {[%clk 1:10:01]} 15. Qa4
{[%clk 1:12:14]} a6 {[%clk 1:06:27]} 16. Qb4 {[%clk 1:05:19]} b5 {[%clk 1:05:39]}
17. Qxe7 {[%clk 1:05:08]} Qxe7 {[%clk 1:05:57]} 18. Bxe7 {[%clk 1:05:30]} Rfe8
{[%clk 1:06:04]} 19. Bxf6 {[%clk 1:05:03]} Bxf6 {[%clk 1:06:02]} 20. Bd3
{[%clk 1:05:17]} Rac8 {[%clk 1:05:05]} 21. a4 {[%clk 1:03:04]} Rc3
{[%clk 1:03:11]} 22. Rfd1 {[%clk 1:02:37]} Rc5 {[%clk 0:48:37]} 23. axb5
{[%clk 1:00:30]} axb5 {[%clk 0:48:32]} 24. Nd2 {[%clk 0:47:53]} Ba6
{[%clk 0:36:28]} 25. Rdc1 {[%clk 0:44:18]} Rec8 {[%clk 0:26:19]} 26. Rxc5
{[%clk 0:44:21]} Rxc5 {[%clk 0:26:37]} 27. Kf1 {[%clk 0:43:48]} Kf8
{[%clk 0:18:28]} 28. Ke2 {[%clk 0:43:23]} Ke7 {[%clk 0:18:00]} 29. Nb3
{[%clk 0:40:00]} Rc8 {[%clk 0:14:01]} 30. Na5 {[%clk 0:39:55]} Rc7
{[%clk 0:09:15]} 31. f4 {[%clk 0:36:49]} Bc3 {[%clk 0:06:26]} 32. Nc6+
{[%clk 0:36:26]} Kd6 {[%clk 0:04:07]} 33. Rb3 {[%clk 0:32:43]} Bg7
{[%clk 0:02:13]} 34. e5+ {[%clk 0:25:06]} Kc5 {[%clk 0:01:50]} 35. d6
{[%clk 0:25:04]} Kxc6 {[%clk 0:01:51]} 36. dxc7 {[%clk 0:25:18]} Kxc7
{[%clk 0:02:07]} 37. Bxb5 {[%clk 0:25:34]} Bb7 {[%clk 0:02:05]} 38. g3
{[%clk 0:24:45]} Bd5 {[%clk 0:02:01]} 39. Rc3+ {[%clk 0:22:18]} Kb8
{[%clk 0:01:30]} 40. Bd7 {[%clk 0:52:23]} Bb7 {[%clk 0:30:39]} 41. Ke3
{[%clk 0:51:19]} Bf8 {[%clk 0:30:54]} 42. Kd4 {[%clk 0:51:02]} Be7
{[%clk 0:27:59]} 43. g4 {[%clk 0:50:12]} h6 {[%clk 0:27:05]} 44. Be8
{[%clk 0:49:48]} f6 {[%clk 0:27:13]} 45. Bxg6 {[%clk 0:49:49]} fxe5+
{[%clk 0:27:07]} 46. Kxe5 {[%clk 0:49:55]} Bh4 {[%clk 0:24:18]} 47. f5 Bc8
{[%clk 0:22:41]} 48. f6 {[%clk 0:47:48]} Be1 {[%clk 0:22:33]} 49. Rb3+
{[%clk 0:47:37]} Kc7 {[%clk 0:21:57]} 50. f7 {[%clk 0:47:55]} 1-0

[Event "5th European Small Nations"]
[Site "Andorra la Vella"]
[Date "2017.11.14"]
[Round "4.1"]
[White "Kirby, Peter J."]
[Black "Antoniou, Antonis"]
[Result "1/2-1/2"]
[BlackElo "2164"]
[WhiteElo "1987"]
[LiveChessVersion "1.4.8"]

1. Nf3 {[%clk 1:30:57]} d6 {[%clk 1:29:09]} 2. d4 {[%clk 1:31:21]} Bg4
{[%clk 1:29:28]} 3. c4 {[%clk 1:31:38]} Nd7 {[%clk 1:29:42]} 4. g3
{[%clk 1:31:55]} e5 {[%clk 1:29:52]} 5. Bg2 {[%clk 1:31:08]} Ngf6
{[%clk 1:30:17]} 6. O-O {[%clk 1:30:05]} c6 {[%clk 1:30:44]} 7. Nc3
{[%clk 1:28:55]} Be7 {[%clk 1:31:07]} 8. e4 {[%clk 1:26:50]} O-O {[%clk 1:28:28]}
9. h3 {[%clk 1:25:56]} Bh5 {[%clk 1:26:24]} 10. Be3 {[%clk 1:24:20]} Re8
{[%clk 1:25:05]} 11. Qd2 {[%clk 1:23:03]} Bf8 {[%clk 1:13:18]} 12. d5
{[%clk 1:20:50]} cxd5 {[%clk 1:05:34]} 13. cxd5 {[%clk 1:20:56]} Qa5
{[%clk 1:05:33]} 14. Nh4 {[%clk 1:17:50]} Bg6 {[%clk 1:03:51]} 15. Rfc1
{[%clk 1:13:29]} 1/2-1/2

[Event "5th European Small Nations"]
[Site "Andorra la Vella"]
[Date "2017.11.14"]
[Round "4.2"]
[White "Constantinou, Pavlos"]
[Black "Rowe, Peter"]
[Result "1/2-1/2"]
[BlackElo "1945"]
[WhiteElo "2057"]
[LiveChessVersion "1.4.8"]

1. d4 {[%clk 1:30:54]} d6 {[%clk 1:30:36]} 2. Nf3 {[%clk 1:31:17]} Nf6
{[%clk 1:29:47]} 3. Bg5 {[%clk 1:31:39]} Nbd7 {[%clk 1:29:40]} 4. e3
{[%clk 1:31:47]} e5 {[%clk 1:29:06]} 5. Be2 {[%clk 1:31:31]} Be7 {[%clk 1:28:40]}
6. O-O {[%clk 1:31:54]} O-O {[%clk 1:28:15]} 7. c4 {[%clk 1:32:20]} c6
{[%clk 1:27:07]} 8. Nc3 {[%clk 1:32:29]} a6 {[%clk 1:23:18]} 9. a4
{[%clk 1:29:44]} Ne8 {[%clk 1:14:43]} 10. Bxe7 {[%clk 1:26:47]} Qxe7
{[%clk 1:15:04]} 11. b4 {[%clk 1:24:30]} f5 {[%clk 1:08:05]} 12. dxe5
{[%clk 1:21:26]} Nxe5 {[%clk 1:06:03]} 13. Qd4 {[%clk 1:18:14]} Nxf3+
{[%clk 1:02:14]} 14. Bxf3 {[%clk 1:18:33]} Qe5 {[%clk 1:02:32]} 15. Rfd1
{[%clk 1:11:30]} Be6 {[%clk 1:00:28]} 16. Be2 {[%clk 0:58:59]} Rc8
{[%clk 0:47:25]} 17. c5 {[%clk 0:56:44]} Qxd4 {[%clk 0:46:03]} 18. Rxd4
{[%clk 0:57:07]} d5 {[%clk 0:40:43]} 19. Bf3 {[%clk 0:47:56]} g5 {[%clk 0:37:38]}
20. g3 {[%clk 0:47:46]} Nf6 {[%clk 0:37:32]} 21. Ne2 {[%clk 0:46:50]} Nd7
{[%clk 0:37:10]} 22. Rc1 {[%clk 0:42:04]} Bf7 {[%clk 0:33:53]} 23. Rd2
{[%clk 0:37:38]} Ne5 {[%clk 0:33:14]} 24. Nd4 {[%clk 0:37:42]} Bg6
{[%clk 0:30:39]} 25. b5 {[%clk 0:35:22]} axb5 {[%clk 0:29:14]} 26. axb5
{[%clk 0:35:49]} f4 {[%clk 0:28:55]} 27. Bg2 {[%clk 0:30:56]} fxe3
{[%clk 0:27:30]} 28. fxe3 {[%clk 0:31:25]} g4 {[%clk 0:22:08]} 29. bxc6
{[%clk 0:29:04]} bxc6 {[%clk 0:19:06]} 30. Ra1 {[%clk 0:27:17]} Be4
{[%clk 0:18:44]} 31. Bxe4 {[%clk 0:13:55]} dxe4 {[%clk 0:18:53]} 32. Kg2
{[%clk 0:13:43]} Nf3 {[%clk 0:13:42]} 33. Nxf3 {[%clk 0:14:08]} exf3+
{[%clk 0:13:51]} 34. Kf2 {[%clk 0:14:33]} Rf5 {[%clk 0:13:47]} 35. Ra4
{[%clk 0:13:00]} h5 {[%clk 0:13:25]} 36. Rc2 {[%clk 0:12:51]} Re8
{[%clk 0:11:27]} 37. h3 {[%clk 0:13:12]} gxh3 {[%clk 0:10:37]} 38. Rf4
{[%clk 0:13:24]} h2 {[%clk 0:08:49]} 39. Rc1 {[%clk 0:13:41]} Rxc5
{[%clk 0:09:02]} 40. Rh1 {[%clk 0:42:44]} Rc2+ {[%clk 0:35:16]} 41. Kxf3
{[%clk 0:43:13]} Rc3 {[%clk 0:34:50]} 42. Rxh2 {[%clk 0:39:57]} Rcxe3+
{[%clk 0:32:26]} 43. Kg2 {[%clk 0:40:05]} Re2+ {[%clk 0:32:23]} 44. Rf2
{[%clk 0:39:29]} R8e5 {[%clk 0:31:37]} 45. Rh4 {[%clk 0:39:38]} Kg7
{[%clk 0:29:27]} 46. Rxe2 {[%clk 0:38:27]} Rxe2+ {[%clk 0:29:45]} 47. Kf3
{[%clk 0:38:54]} Re5 {[%clk 0:30:02]} 48. g4 {[%clk 0:39:08]} hxg4+
{[%clk 0:29:28]} 49. Rxg4+ {[%clk 0:39:37]} Kf7 {[%clk 0:28:53]} 50. Re4
{[%clk 0:38:02]} Ke6 {[%clk 0:25:59]} 51. Rxe5+ {[%clk 0:38:10]} Kxe5
{[%clk 0:26:24]} 52. Ke3 {[%clk 0:38:38]} Kd5 {[%clk 0:25:27]} 53. Kd3
{[%clk 0:39:06]} c5 {[%clk 0:25:16]} 54. Kc3 {[%clk 0:39:27]} c4 {[%clk 0:25:33]}
55. Kc2 {[%clk 0:39:49]} Kd4 {[%clk 0:25:56]} 56. Kd2 {[%clk 0:40:13]} c3+
{[%clk 0:25:46]} 57. Kc2 {[%clk 0:40:39]} Kc4 {[%clk 0:26:10]} 58. Kc1
{[%clk 0:41:01]} Kb3 {[%clk 0:26:27]} 59. Kb1 {[%clk 0:41:25]} c2+
{[%clk 0:26:46]} 60. Kc1 {[%clk 0:41:49]} Kc3 {[%clk 0:27:10]} 1/2-1/2

[Event "5th European Small Nations"]
[Site "Andorra la Vella"]
[Date "2017.11.14"]
[Round "4.3"]
[White "Strade, Arita"]
[Black "Michaelides, Konstantinos"]
[Result "0-1"]
[BlackElo "2041"]
[WhiteElo "1864"]
[LiveChessVersion "1.4.8"]

1. e4 {[%clk 1:30:58]} e6 {[%clk 1:30:48]} 2. d4 {[%clk 1:31:19]} d5
{[%clk 1:31:14]} 3. Nd2 {[%clk 1:31:40]} Nf6 {[%clk 1:31:36]} 4. e5
{[%clk 1:31:41]} Nfd7 {[%clk 1:32:01]} 5. Bd3 {[%clk 1:31:50]} c5
{[%clk 1:32:26]} 6. c3 {[%clk 1:31:17]} Nc6 {[%clk 1:32:49]} 7. Ne2
{[%clk 1:30:47]} cxd4 {[%clk 1:33:12]} 8. cxd4 {[%clk 1:31:10]} f6
{[%clk 1:33:39]} 9. exf6 {[%clk 1:30:43]} Nxf6 {[%clk 1:34:04]} 10. O-O
{[%clk 1:29:15]} Bd6 {[%clk 1:34:29]} 11. Nf3 {[%clk 1:27:50]} Qc7
{[%clk 1:34:53]} 12. g3 {[%clk 1:17:57]} O-O {[%clk 1:26:27]} 13. Bf4
{[%clk 1:15:49]} e5 {[%clk 1:25:01]} 14. dxe5 {[%clk 1:12:59]} Nxe5
{[%clk 1:25:25]} 15. Nxe5 {[%clk 1:12:20]} Bxe5 {[%clk 1:25:49]} 16. Rc1
{[%clk 1:04:59]} Qd6 {[%clk 1:25:40]} 17. Qd2 {[%clk 1:02:31]} Bg4
{[%clk 1:14:02]} 18. Bxe5 {[%clk 0:42:24]} Qxe5 {[%clk 1:14:26]} 19. f4
{[%clk 0:28:07]} Qd6 {[%clk 1:11:19]} 20. Nc3 {[%clk 0:24:14]} Rad8
{[%clk 1:06:21]} 21. Rfe1 {[%clk 0:18:24]} Rfe8 {[%clk 0:52:39]} 22. Qf2
{[%clk 0:17:30]} Rxe1+ {[%clk 0:44:54]} 23. Rxe1 {[%clk 0:17:35]} d4
{[%clk 0:45:02]} 24. Nb5 {[%clk 0:16:22]} Qb4 {[%clk 0:38:37]} 25. f5
{[%clk 0:10:50]} Bh5 {[%clk 0:35:39]} 26. Nc7 {[%clk 0:10:16]} Ng4
{[%clk 0:33:50]} 27. Qf1 {[%clk 0:08:27]} Ne3 {[%clk 0:30:10]} 28. Qf2
{[%clk 0:08:21]} Bf7 {[%clk 0:28:49]} 29. a3 {[%clk 0:06:35]} Qb3
{[%clk 0:22:38]} 30. Qe2 {[%clk 0:03:45]} Qb6 {[%clk 0:20:50]} 31. Ne6
{[%clk 0:03:31]} Bxe6 {[%clk 0:19:57]} 32. fxe6 {[%clk 0:03:53]} Qxe6
{[%clk 0:14:52]} 33. Qh5 {[%clk 0:03:51]} g6 {[%clk 0:11:49]} 34. Qh4
{[%clk 0:02:41]} Qd6 {[%clk 0:11:11]} 35. Rc1 {[%clk 0:02:16]} Rf8
{[%clk 0:09:50]} 36. Bc4+ {[%clk 0:01:00]} Kg7 {[%clk 0:08:45]} 37. Bd3
{[%clk 0:00:59]} Rf7 {[%clk 0:07:22]} 38. Qe4 {[%clk 0:01:03]} Qf6
{[%clk 0:05:51]} 39. b4 {[%clk 0:00:58]} Re7 {[%clk 0:04:02]} 40. Qh4
{[%clk 0:30:48]} Qxh4 {[%clk 0:32:43]} 41. gxh4 {[%clk 0:31:17]} Kf6
{[%clk 0:24:26]} 42. Rc5 {[%clk 0:24:50]} b6 {[%clk 0:23:45]} 43. Rc8
{[%clk 0:22:55]} Ke5 {[%clk 0:21:10]} 44. a4 {[%clk 0:18:15]} Nd5
{[%clk 0:20:06]} 45. b5 {[%clk 0:18:04]} Nc3 {[%clk 0:14:02]} 46. Rc4
{[%clk 0:10:24]} Kd5 {[%clk 0:14:01]} 47. Rc8 {[%clk 0:08:31]} Nxa4
{[%clk 0:06:51]} 48. Rd8+ {[%clk 0:07:42]} Ke5 {[%clk 0:07:13]} 49. Kf2
{[%clk 0:07:45]} Nc5 {[%clk 0:07:23]} 50. Bc4 {[%clk 0:06:48]} Rd7
{[%clk 0:07:13]} 51. Re8+ {[%clk 0:06:37]} Kf4 {[%clk 0:06:43]} 52. h3
{[%clk 0:06:35]} d3 {[%clk 0:05:24]} 53. Rf8+ {[%clk 0:06:00]} Ke4
{[%clk 0:05:31]} 54. Ke1 {[%clk 0:06:00]} d2+ {[%clk 0:05:17]} 55. Kd1
{[%clk 0:06:16]} Na4 {[%clk 0:05:35]} 56. Re8+ {[%clk 0:05:50]} Kf4
{[%clk 0:05:41]} 57. Rf8+ {[%clk 0:05:23]} Kg3 {[%clk 0:05:56]} 58. Be2
{[%clk 0:04:30]} Nc3+ {[%clk 0:06:17]} 0-1

[Event "5th European Small Nations"]
[Site "Andorra la Vella"]
[Date "2017.11.14"]
[Round "4.4"]
[White "Klerides, Paris"]
[Black "Hale, Andrew"]
[Result "1-0"]
[BlackElo "1871"]
[WhiteElo "2189"]
[LiveChessVersion "1.4.8"]

1. e4 {[%clk 1:30:57]} g6 {[%clk 1:30:43]} 2. d4 {[%clk 1:31:22]} Bg7
{[%clk 1:31:06]} 3. Nc3 {[%clk 1:31:24]} d6 {[%clk 1:30:54]} 4. f4
{[%clk 1:31:39]} a6 {[%clk 1:31:10]} 5. Nf3 {[%clk 1:31:46]} b5 {[%clk 1:31:02]}
6. Bd3 {[%clk 1:31:39]} Nd7 {[%clk 1:30:32]} 7. a4 {[%clk 1:31:41]} b4
{[%clk 1:29:43]} 8. Ne2 {[%clk 1:32:06]} Bb7 {[%clk 1:28:22]} 9. O-O
{[%clk 1:31:55]} c5 {[%clk 1:18:27]} 10. c3 {[%clk 1:32:05]} bxc3
{[%clk 1:18:01]} 11. bxc3 {[%clk 1:32:18]} Nh6 {[%clk 1:07:47]} 12. a5
{[%clk 1:19:07]} O-O {[%clk 1:05:47]} 13. f5 {[%clk 1:17:12]} d5 {[%clk 0:58:01]}
14. e5 {[%clk 1:08:05]} gxf5 {[%clk 0:50:38]} 15. Bxh6 {[%clk 1:01:58]} Bxh6
{[%clk 0:50:48]} 16. Bxf5 {[%clk 1:02:25]} e6 {[%clk 0:48:49]} 17. Bxh7+
{[%clk 0:58:34]} Kxh7 {[%clk 0:49:06]} 18. Qb1+ {[%clk 0:59:01]} Kh8
{[%clk 0:44:06]} 19. Qxb7 {[%clk 0:59:18]} c4 {[%clk 0:41:32]} 20. Ng3
{[%clk 0:54:39]} Rg8 {[%clk 0:29:05]} 21. Qc6 {[%clk 0:39:16]} Rg6
{[%clk 0:22:37]} 22. Rab1 {[%clk 0:23:48]} Be3+ {[%clk 0:16:06]} 23. Kh1
{[%clk 0:23:08]} Qg8 {[%clk 0:13:53]} 24. Qxd7 {[%clk 0:20:44]} Qh7
{[%clk 0:13:37]} 25. Ng5 {[%clk 0:10:46]} Rxg5 {[%clk 0:13:14]} 26. Qxf7
{[%clk 0:11:12]} Rg7 {[%clk 0:11:33]} 27. Qh5 {[%clk 0:08:44]} Rxg3
{[%clk 0:04:40]} 28. Qxh7+ {[%clk 0:08:53]} Kxh7 {[%clk 0:05:06]} 29. hxg3
{[%clk 0:07:11]} Kg6 {[%clk 0:05:14]} 30. Rf4 {[%clk 0:07:35]} Bxf4
{[%clk 0:05:04]} 31. gxf4 {[%clk 0:08:04]} Kf5 {[%clk 0:05:11]} 32. Rb6
{[%clk 0:05:15]} Ke4 {[%clk 0:03:25]} 33. Rxe6 {[%clk 0:05:24]} Kd3
{[%clk 0:03:40]} 34. Rd6 {[%clk 0:05:33]} Kxc3 {[%clk 0:03:56]} 35. Rxd5
{[%clk 0:05:48]} Rc8 {[%clk 0:02:12]} 36. Rc5 {[%clk 0:03:18]} Rh8+
{[%clk 0:01:40]} 37. Kg1 {[%clk 0:03:46]} Kxd4 {[%clk 0:01:57]} 38. Rc6
{[%clk 0:03:00]} Kd3 {[%clk 0:01:47]} 39. e6 {[%clk 0:02:41]} c3 {[%clk 0:01:55]}
40. f5 {[%clk 0:33:00]} Rf8 {[%clk 0:30:48]} 41. e7 {[%clk 0:33:00]} 1-0

[Event "5th European Small Nations"]
[Site "Andorra la Vella"]
[Date "2017.11.14"]
[Round "4.5"]
[White "Guller, Andras"]
[Black "Ziska, Helgi Dam"]
[Result "0-1"]
[BlackElo "2543"]
[WhiteElo "2041"]
[LiveChessVersion "1.4.8"]

1. e4 {[%clk 1:30:46]} e5 {[%clk 1:30:28]} 2. Nf3 {[%clk 1:30:56]} Nc6
{[%clk 1:30:47]} 3. Bc4 {[%clk 1:21:26]} Nf6 {[%clk 1:29:44]} 4. d3
{[%clk 1:21:45]} h6 {[%clk 1:27:26]} 5. O-O {[%clk 1:20:55]} d6 {[%clk 1:27:05]}
6. c3 {[%clk 1:19:51]} g6 {[%clk 1:27:10]} 7. Re1 {[%clk 1:08:19]} Bg7
{[%clk 1:26:36]} 8. h3 {[%clk 1:08:29]} O-O {[%clk 1:26:25]} 9. Bb3
{[%clk 1:07:18]} Re8 {[%clk 0:55:23]} 10. Nbd2 {[%clk 1:01:01]} Nd7
{[%clk 0:53:32]} 11. Nc4 {[%clk 0:55:43]} Nc5 {[%clk 0:50:23]} 12. Ne3
{[%clk 0:55:24]} Nxb3 {[%clk 0:49:55]} 13. axb3 {[%clk 0:55:27]} f5
{[%clk 0:46:00]} 14. exf5 {[%clk 0:53:34]} gxf5 {[%clk 0:46:22]} 15. Nh2
{[%clk 0:53:36]} f4 {[%clk 0:45:20]} 16. Nd5 {[%clk 0:43:58]} Be6
{[%clk 0:45:04]} 17. Qf3 {[%clk 0:34:02]} e4 {[%clk 0:32:48]} 18. dxe4
{[%clk 0:22:21]} Bxd5 {[%clk 0:32:58]} 19. Bxf4 {[%clk 0:22:42]} Be6
{[%clk 0:29:55]} 20. Ng4 {[%clk 0:20:01]} Ne5 {[%clk 0:28:43]} 21. Bxe5
{[%clk 0:15:33]} dxe5 {[%clk 0:28:07]} 22. Qe3 {[%clk 0:14:48]} Qg5
{[%clk 0:26:33]} 23. Qc5 {[%clk 0:12:08]} Qe7 {[%clk 0:25:57]} 24. Qe3
{[%clk 0:10:04]} Kh7 {[%clk 0:20:46]} 25. Rxa7 {[%clk 0:09:27]} h5
{[%clk 0:21:08]} 26. Rxa8 {[%clk 0:09:23]} Rxa8 {[%clk 0:21:33]} 27. Nh2
{[%clk 0:09:33]} Bxb3 {[%clk 0:21:52]} 28. Qe2 {[%clk 0:08:17]} Bf7
{[%clk 0:20:33]} 29. Nf3 {[%clk 0:05:51]} Rd8 {[%clk 0:19:42]} 30. h4
{[%clk 0:04:38]} Bf6 {[%clk 0:19:51]} 31. g3 {[%clk 0:04:32]} Qd7
{[%clk 0:17:51]} 32. Kg2 {[%clk 0:03:31]} Qd3 {[%clk 0:17:09]} 33. Qxd3
{[%clk 0:02:54]} Rxd3 {[%clk 0:17:27]} 34. Ra1 {[%clk 0:02:28]} Be8
{[%clk 0:14:39]} 35. Ra5 {[%clk 0:00:45]} Bc6 {[%clk 0:14:44]} 36. Ng5+
{[%clk 0:00:36]} Bxg5 {[%clk 0:14:08]} 37. hxg5 {[%clk 0:00:38]} Bxe4+
{[%clk 0:14:29]} 38. f3 {[%clk 0:00:37]} Bxf3+ {[%clk 0:14:23]} 39. Kf2
{[%clk 0:00:53]} e4 {[%clk 0:13:12]} 40. Re5 {[%clk 0:31:11]} Kg6
{[%clk 0:43:25]} 41. Re7 {[%clk 0:31:21]} c5 {[%clk 0:41:53]} 42. Rxb7
{[%clk 0:30:11]} Kxg5 {[%clk 0:42:09]} 43. Rg7+ {[%clk 0:30:16]} Kf6
{[%clk 0:42:20]} 44. Rc7 {[%clk 0:30:28]} Bg4 {[%clk 0:42:27]} 0-1

[Event "5th European Small Nations"]
[Site "Andorra la Vella"]
[Date "2017.11.14"]
[Round "4.6"]
[White "Nielsen, Hogni Egilstoft"]
[Black "Frick, Renato"]
[Result "1-0"]
[BlackElo "1997"]
[WhiteElo "2354"]
[LiveChessVersion "1.4.8"]

1. e4 {[%clk 1:30:54]} c5 {[%clk 1:30:42]} 2. Nf3 {[%clk 1:31:08]} Nc6
{[%clk 1:30:57]} 3. Bb5 {[%clk 1:31:15]} g6 {[%clk 1:21:18]} 4. O-O
{[%clk 1:30:44]} Bg7 {[%clk 1:21:34]} 5. Re1 {[%clk 1:29:36]} d6 {[%clk 1:17:09]}
6. h3 {[%clk 1:25:32]} a6 {[%clk 1:10:28]} 7. Bf1 {[%clk 1:25:56]} b5
{[%clk 1:08:40]} 8. c3 {[%clk 1:22:26]} e5 {[%clk 1:08:01]} 9. a4
{[%clk 1:17:36]} b4 {[%clk 0:59:52]} 10. d3 {[%clk 0:51:07]} Nge7
{[%clk 0:59:22]} 11. Nbd2 {[%clk 0:51:08]} O-O {[%clk 0:57:53]} 12. g3
{[%clk 0:50:12]} Rb8 {[%clk 0:54:43]} 13. Bg2 {[%clk 0:47:28]} Na5
{[%clk 0:51:49]} 14. Nf1 {[%clk 0:39:28]} Bd7 {[%clk 0:48:38]} 15. Ne3
{[%clk 0:34:44]} Be6 {[%clk 0:36:22]} 16. Bd2 {[%clk 0:26:39]} Nb3
{[%clk 0:30:01]} 17. Rb1 {[%clk 0:23:42]} Qd7 {[%clk 0:21:32]} 18. Nc4
{[%clk 0:20:15]} Nxd2 {[%clk 0:18:55]} 19. Nfxd2 {[%clk 0:18:56]} Nc6
{[%clk 0:16:45]} 20. Kh2 {[%clk 0:15:44]} Bh6 {[%clk 0:14:55]} 21. Ne3
{[%clk 0:15:14]} Ne7 {[%clk 0:13:55]} 22. Ndc4 {[%clk 0:11:06]} bxc3
{[%clk 0:05:36]} 23. bxc3 {[%clk 0:10:54]} Rxb1 {[%clk 0:05:45]} 24. Qxb1
{[%clk 0:11:22]} Bxe3 {[%clk 0:05:39]} 25. Nxe3 {[%clk 0:11:03]} Qxa4
{[%clk 0:03:41]} 26. Qb7 {[%clk 0:11:23]} Re8 {[%clk 0:02:26]} 27. Rb1
{[%clk 0:08:15]} Bc8 {[%clk 0:02:46]} 28. Qc7 {[%clk 0:07:07]} Qa2
{[%clk 0:02:19]} 29. Rb8 {[%clk 0:06:09]} Qe6 {[%clk 0:02:14]} 30. Rb6
{[%clk 0:05:49]} Qf6 {[%clk 0:02:17]} 31. Rxd6 {[%clk 0:04:10]} Be6
{[%clk 0:01:48]} 32. Nd5 {[%clk 0:03:33]} Qg5 {[%clk 0:01:24]} 33. h4
{[%clk 0:03:51]} Nxd5 {[%clk 0:01:49]} 34. exd5 {[%clk 0:04:11]} Qe7
{[%clk 0:01:32]} 35. Qxe7 {[%clk 0:04:31]} Rxe7 {[%clk 0:01:57]} 36. dxe6
{[%clk 0:04:52]} 1-0